000
00315nam a22001337a 4500
008
180927b xxu||||| |||| 00| 0 eng d
020
_a
9780789019363
041
_a
eng
080
_a
316
100
_a
50
101
_a
SOC
245
_a
Women with Visible and Invisible Disabilities
_c
Banks, M.E
942
_2
udc
_c
BK
999
_c
48620
_d
48620